01225nam a22003617a 4500003000400000005001700004008004100021040002200062082001800084100002900102245006900131260002900200300001900229366000800248490002400256505001700280505001900297505001700316505002300333505001500356505001500371505002900386505002000415505009100435505001700526650004100543650004400584650005500628650004800683650004300731650004500774651004400819OSt20230519100751.0221006b |||||||| |||| 00| 0 eng d cBiblioteca Lado V a701.18bA658t aAraeen, Rasheedeeditora aThird Text/bCriticalPerspectives on Contemporary Art & Culture/ bRoutledgec2001aLondres c19x25cma112p. eeng a55v2001x0952-8822 aTabish Khair aClaudia Egerer aNancy Jachec aTimothy Paul Brown aPaul Overy aOlu Oguibe aMargarita Sanchez Prieto aShaheen Meerali aReviewsgJuliet Steyn H O Nazareth Penelope Richardson Tomur Atagok and Susan Platt aContributors 2Tesauro de Arte & ArquitecturaaARTE 2Tesauro de Arte & ArquitecturaaCRITICA 2Tesauro de Arte & ArquitecturaaARTE CONTEMPORANEO 2Tesauro de Arte & ArquitecturaaAPRECIACION 2Tesauro de Arte & ArquitecturaaTEORIA 2Tesauro de Arte & ArquitecturaaANALISIS 2Tesauro de Arte & ArquitecturaaLONDRES